000 00274nam a22001217a 4500
008 181123b xxu||||| |||| 00| 0 eng d
041 _aeng
080 _a043.3
100 _a0
101 _aBTH-ARK
245 _aKonstruimi i Muzeut te Kosoves
_cDemaku, B
942 _2udc
_cBK
999 _c52446
_d52446